000 00456nam a2200181Ia 4500
001 23721
005 20260414150956.0
008 260414t1992||||xx |||||||||||||| ||spa||
041 _aESP
082 _a693.852
_bP29
100 _aPaulay, T.
_eAUT
245 0 _aSeismic design of reinforced concrete and masonry buildings
_b
260 _c1992
300 _axxiii, 744 páginas :
_c24 cm.
650 _a0
654 _aCIC
942 _cLIB
_dJUS
_fJUS
_2ddc
_n
999 _c23721
_d23721